La Llengua nacional de Catalunya / Joan Colomines
Publicado:
Barcelona :
Generalitat de Catalunya, Entitat Autònoma del Diari Oficial i de Publicacions ,
1992
Descripción Física:
213 p. ; 22 cm
Colección:
Temes d'actualitat ; 5
MARC
| LEADER | 00000nam a2200000Ia 4500 | ||
|---|---|---|---|
| 001 | 9604 | ||
| 008 | 160829s1992 xx 000 0 cat d | ||
| 080 | |a L-1-99 | ||
| 100 | |a Colomines i Puig, Joan |9 31930 | ||
| 245 | |a La Llengua nacional de Catalunya / Joan Colomines | ||
| 260 | |a Barcelona : |b Generalitat de Catalunya, Entitat Autònoma del Diari Oficial i de Publicacions, |c 1992 | ||
| 300 | |a 213 p. ; |c 22 cm | ||
| 490 | |a Temes d'actualitat ; 5 | ||
| 650 | |a Català |x Història |9 31995 | ||
| 650 | |a Catalunya |x Política lingüística |9 23187 | ||
| 901 | |a Arxiu | ||
| 942 | |n 1 | ||
| 952 | |0 0 |1 0 |4 0 |6 L199 |7 1 |9 45807 |a Arxiu |b Arxiu |d 2016-12-01 |l 0 |o L-1-99 |p 9604 |r 2016-12-01 00:00:00 |w 2016-12-01 |y ARXIU | ||
| 999 | |c 49307 |d 49307 | ||